Normal view MARC view

Entry Nombre personal

Number of records used in: 1

001 - NÚMERO DE CONTROL

  • campo de control: 111689

003 - IDENTIFICADOR DE NÚMERO DE CONTROL

  • campo de control: OSt

005 - FECHA Y HORA DE LA ÚLTIMA TRANSACCIÓN

  • campo de control: 20260422162735.0

008 - ELEMENTOS DE DATO DE LONGITUD-FIJA

  • campo de control de longitud fija: 260422|| aca||aabn | a|a d

040 ## - FUENTE DE CATALOGACIÓN

  • Centro catalogador/agencia de origen: M-RABA

100 1# - ENCABEZAMIENTO-NOMBRE DE PERSONA

  • Nombre de persona: Salesa, Cristóbal

373 ## - GRUPO ASOCIADO

  • Grupo asociado: Escultura

374 ## - OCUPACIÓN

  • Ocupación: Escultor

375 ## - GÉNERO/SEXO

  • Género: Masculino

670 ## - FUENTE DE DATOS ENCONTRADOS

  • Cita de la fuente: El pontífice armando al Infante Carlos Clemente contra la infidelidad y los vicios ciñéndole un precioso cíngulo, 1909
  • Información encontrada: (Cristóbal Salesa)

Powered by Koha